00334nam a2200133 a 450008200120000010000190001224500330003126000330006430000090009750000350010650500170014165000230015870000190018100a109 HON aHonderich, Ted aPhilosophy Through Its Past. aBritainbPenguin Booksc1984 a534p aincludes index and biblioraphy2 apelican book aPhilosophy-History1 aHonderich, Ted